Jeunes poetes polonais (Record no. 134138)

MARC details
000 -LEADER
campo de control de longitud fija 00622nam a2200181 i 4500
001 - NÚMERO DE CONTROL
campo de control 134138
003 - IDENTIFICADOR DE NÚMERO DE CONTROL
campo de control ES-MaACL
005 - FECHA Y HORA DE LA ÚLTIMA TRANSACCIÓN
campo de control 20230906194616.0
007 - CAMPO FIJO DE DESCRIPCIÓN FÍSICA--INFORMACIÓN GENERAL
campo de control de longitud fija t|
008 - DATOS DE LONGITUD FIJA--INFORMACIÓN GENERAL
campo de control de longitud fija 070905s1926 fr ||||1| fre d
100 1# - ENTRADA PRINCIPAL--NOMBRE DE PERSONA
Nombre de persona Wylezynska, Aurelie.
9 (RLIN) 117469
245 10 - MENCIÓN DEL TÍTULO
Título Jeunes poetes polonais
Resto del título : extrait d'une conference donnée a la Sorbonne le 4 mars 1925 /
Mención de responsabilidad, etc. Aurelie Wylezynska.
260 ## - PUBLICACIÓN, DISTRIBUCIÓN, ETC.
Lugar de publicación, distribución, etc. Paris :
Nombre del editor, distribuidor, etc. [s.n.],
Fecha de publicación, distribución, etc. 1926 (
Lugar de fabricación/manufactura Reunes :
Fabricante Imp. Fr. Simon)
300 ## - DESCRIPCIÓN FÍSICA
Extensión 20 p. ;
Dimensiones 21 cm.
505 8# - NOTA DE CONTENIDO CON FORMATO
Nota de contenido con formato Contiene: Casimir Wierzynski -- Jaroslav Iwaskievicz
650 #4 - PUNTO DE ACCESO ADICIONAL DE MATERIA--TÉRMINO DE MATERIA
Término de materia o nombre geográfico como elemento de entrada Poesía polaca-
Subdivisión cronológica S.XX.
9 (RLIN) 16196
852 ## - LOCALIZACIÓN
Ubicación ES-MaACL
Número de control de estantería 1734-F-3
Holdings
Estatus retirado Estado de pérdida Estado de daño No para préstamo Colección Biblioteca de origen Biblioteca actual Ubicación en estantería Fecha de adquisición Fuente de adquisición Total de préstamos Signatura topográfica completa Código de barras Visto por última vez Precio de reemplazo Tipo de ítem Koha
        Colección de folletos Biblioteca del Ateneo de Madrid Biblioteca del Ateneo de Madrid Depósito folletos 17/01/2008     1734-F-3 1139630 23/02/2023 23/02/2023 Folleto